| 000 | 00573 a2200229 4500 | ||
|---|---|---|---|
| 001 | sjds | ||
| 003 | sjds | ||
| 005 | 20240305101528.0 | ||
| 008 | 240305b |||||||| |||| 00| 0 spa d | ||
| 020 | _a8437280265 | ||
| 020 | _a9788437280264 | ||
| 040 | _csjds | ||
| 041 | _aspa | ||
| 100 | 1 | _aBurningham, John | |
| 245 |
_aAnimales / _cJohn Burningham |
||
| 246 | _aABC | ||
| 260 |
_aMadrid, Spain : _bAltea, _c1988. |
||
| 300 |
_a24 unnumbered pages : _bcolor illustrations ; _c19 cm |
||
| 440 | _a Libros para jugar | ||
| 500 | _aTranslation of: ABC | ||
| 942 | _cBK | ||
| 999 |
_c29329 _d29327 |
||